| 000 | 00936nam a2200265 i 4500 | ||
|---|---|---|---|
| 001 | 179950 | ||
| 003 | ES-MaACL | ||
| 005 | 20250531063036.0 | ||
| 008 | 120306s2010 sp ao |||| | spa d | ||
| 020 | _a978-84-92711-44-4 | ||
| 080 | _a39(460.283) | ||
| 080 | _a72.031.4(460.283) | ||
| 100 | 1 |
_aVélez, Iván, _d1972- _9149523 |
|
| 245 | 1 | 0 |
_aTécnicas e ingenios de la Sierra de Cuenca / _c[Iván Vélez]. |
| 260 |
_aCuenca : _bDiputación Provincial de Cuenca, _c[2010] |
||
| 300 |
_a179 p. : _bil. col., fot. ; _c21 x 23 cm. |
||
| 490 | 1 |
_aEtnología ; _v05 |
|
| 650 | 4 |
_aArquitectura popular- _zCuenca (Provincia) _9149524 |
|
| 650 | 4 |
_aCultura material- _zEspaña. _9149525 |
|
| 710 | 1 |
_aCuenca (Provincia). _bDiputación Provincial. _93346 |
|
| 830 | 0 |
_aEtnología ; _v05 _9224568 |
|
| 852 |
_aES-MaACL _jA-12011 _9186855 _bR.146827 _cDEPO1 _dOlim: N-5016 |
||
| 942 |
_2udc _cMONOGRAFIA |
||
| 999 |
_c179950 _d179950 |
||